[Event "WCO 2016"]
[Site "?"]
[Date "2016.09.13"]
[Round "11"]
[Board "11"]
[WhiteID "7700750"]
[White "Winter Atwell Adrian"]
[BlackID "11300710"]
[Black "Notha Moakofi"]
[Result "0-1"]
[BlackElo "2119"]
[WhiteElo "2158"]
[LiveChessVersion "1.4.8"]

1. e4 {[%clk 1:30:51]} e5 {[%clk 1:30:49]} 2. Nf3 {[%clk 1:31:10]} Nc6
{[%clk 1:31:10]} 3. d4 {[%clk 1:31:28]} exd4 {[%clk 1:31:28]} 4. Nxd4
{[%clk 1:31:51]} Bc5 {[%clk 1:31:50]} 5. Nb3 {[%clk 1:31:56]} Bb6
{[%clk 1:32:09]} 6. a4 {[%clk 1:31:52]} Qf6 {[%clk 1:31:18]} 7. Qe2
{[%clk 1:31:26]} a6 {[%clk 1:31:38]} 8. Nc3 {[%clk 1:30:28]} Nge7
{[%clk 1:32:06]} 9. Nd5 {[%clk 1:29:49]} Nxd5 {[%clk 1:32:07]} 10. exd5+
{[%clk 1:30:07]} Ne7 {[%clk 1:32:34]} 11. h4 {[%clk 1:29:22]} h6 {[%clk 1:28:18]}
12. g4 {[%clk 1:12:37]} d6 {[%clk 1:25:05]} 13. Bg2 {[%clk 1:05:01]} Qe5
{[%clk 1:22:39]} 14. Qxe5 {[%clk 1:04:02]} dxe5 {[%clk 1:23:06]} 15. a5
{[%clk 1:02:44]} Ba7 {[%clk 1:21:38]} 16. Ra4 {[%clk 1:02:53]} Bd7
{[%clk 1:18:35]} 17. Rb4 {[%clk 1:01:58]} b5 {[%clk 1:06:38]} 18. axb6
{[%clk 0:52:44]} Bxb6 {[%clk 1:04:34]} 19. Be3 {[%clk 0:49:51]} Bxe3
{[%clk 0:53:49]} 20. fxe3 {[%clk 0:50:10]} c6 {[%clk 0:53:40]} 21. dxc6
{[%clk 0:47:18]} Bxc6 {[%clk 0:52:08]} 22. Bxc6+ {[%clk 0:46:51]} Nxc6
{[%clk 0:52:35]} 23. Rb6 {[%clk 0:46:55]} Rc8 {[%clk 0:48:51]} 24. c4
{[%clk 0:42:44]} O-O {[%clk 0:41:26]} 25. Ke2 {[%clk 0:35:22]} Rb8
{[%clk 0:25:10]} 26. Rxc6 {[%clk 0:33:44]} Rxb3 {[%clk 0:25:35]} 27. Rb1
{[%clk 0:33:27]} e4 {[%clk 0:23:39]} 28. Rxa6 {[%clk 0:32:21]} Rfb8
{[%clk 0:23:39]} 29. c5 {[%clk 0:27:56]} Rxb2+ {[%clk 0:19:11]} 30. Rxb2
{[%clk 0:28:10]} Rxb2+ {[%clk 0:19:35]} 31. Kd1 {[%clk 0:27:57]} Rb5
{[%clk 0:14:13]} 32. Rc6 {[%clk 0:24:16]} Rb3 {[%clk 0:07:16]} 33. Kd2
{[%clk 0:22:58]} Rd3+ {[%clk 0:07:16]} 34. Ke2 {[%clk 0:20:42]} Kf8
{[%clk 0:04:03]} 35. Rc7 {[%clk 0:17:00]} Rc3 {[%clk 0:03:08]} 36. c6
{[%clk 0:16:34]} g5 {[%clk 0:01:51]} 37. h5 {[%clk 0:15:15]} Rc2+
{[%clk 0:01:09]} 38. Kd1 {[%clk 0:13:44]} Rc3 {[%clk 0:01:27]} 39. Kd2
{[%clk 0:12:20]} Rd3+ {[%clk 0:01:02]} 40. Ke2 {[%clk 0:39:22]} Rc3
{[%clk 0:31:10]} 41. Rc8+ {[%clk 0:30:47]} Ke7 {[%clk 0:24:00]} 42. c7
{[%clk 0:26:47]} Kd6 {[%clk 0:10:42]} 43. Rh8 {[%clk 0:26:53]} Rc2+
{[%clk 0:10:46]} 44. Kd1 {[%clk 0:26:16]} Rxc7 {[%clk 0:11:14]} 45. Rxh6+
{[%clk 0:26:36]} Ke5 {[%clk 0:11:10]} 46. Rh8 {[%clk 0:26:25]} Rd7+ 47. Ke2
{[%clk 0:26:30]} Re7 {[%clk 0:03:15]} 48. Ra8 {[%clk 0:25:13]} f6
{[%clk 0:03:04]} 49. Ra6 {[%clk 0:24:26]} Rb7 {[%clk 0:02:58]} 50. Ra5+
{[%clk 0:23:58]} Ke6 {[%clk 0:03:25]} 51. Ra4 {[%clk 0:24:03]} Rb2+
{[%clk 0:03:32]} 52. Kf1 {[%clk 0:24:01]} Ke5 {[%clk 0:03:45]} 53. Ra8
{[%clk 0:23:28]} Rb1+ {[%clk 0:03:17]} 54. Kg2 {[%clk 0:22:28]} Rb2+
{[%clk 0:03:45]} 55. Kg3 {[%clk 0:20:22]} Rb3 {[%clk 0:03:56]} 56. Kf2
{[%clk 0:19:40]} Rb2+ {[%clk 0:04:25]} 57. Ke1 {[%clk 0:19:48]} Rb1+
{[%clk 0:04:53]} 58. Kd2 {[%clk 0:19:36]} Rg1 {[%clk 0:04:10]} 59. Re8+
{[%clk 0:19:34]} Kd5 {[%clk 0:04:27]} 60. h6 {[%clk 0:19:51]} Rh1
{[%clk 0:03:06]} 61. Rh8 {[%clk 0:19:50]} Ke6 {[%clk 0:01:47]} 62. Kc3
{[%clk 0:19:46]} Kf7 {[%clk 0:01:07]} 63. Kd4 {[%clk 0:19:22]} Rh4
{[%clk 0:01:02]} 64. Kxe4 {[%clk 0:19:17]} Rxg4+ {[%clk 0:01:28]} 65. Kf5
{[%clk 0:19:37]} Ra4 {[%clk 0:00:47]} 66. Rh7+ {[%clk 0:19:53]} Kg8
{[%clk 0:00:43]} 67. Rg7+ {[%clk 0:18:33]} Kh8 {[%clk 0:01:12]} 68. Kg6
{[%clk 0:17:53]} Re4 {[%clk 0:00:40]} 69. Rh7+ {[%clk 0:15:56]} Kg8
{[%clk 0:01:09]} 70. Rf7 {[%clk 0:16:13]} Re8 {[%clk 0:01:03]} 71. Rxf6
{[%clk 0:13:15]} g4 {[%clk 0:01:09]} 72. e4 {[%clk 0:12:07]} g3 {[%clk 0:00:44]}
73. Kf5 {[%clk 0:10:35]} Kh7 {[%clk 0:00:35]} 74. Ra6 {[%clk 0:09:31]} g2
{[%clk 0:00:42]} 75. Ra1 {[%clk 0:09:52]} Rf8+ {[%clk 0:01:02]} 76. Kg5
{[%clk 0:05:38]} Rf1 {[%clk 0:00:38]} 77. Ra7+ {[%clk 0:05:09]} Kg8
{[%clk 0:00:39]} 78. Ra8+ {[%clk 0:04:15]} Kf7 {[%clk 0:01:02]} 79. Ra7+
{[%clk 0:03:47]} Ke6 {[%clk 0:01:30]} 80. Ra6+ {[%clk 0:03:52]} Ke7
{[%clk 0:01:56]} 81. Ra7+ {[%clk 0:03:49]} Kd8 0-1

[Event "WCO 2016"]
[Site "?"]
[Date "2016.09.13"]
[Round "11"]
[Board "12"]
[WhiteID "11304553"]
[White "Mapini Otsile"]
[BlackID "7700768"]
[Black "Johnson Joshua"]
[Result "0-1"]
[BlackElo "2119"]
[WhiteElo "1972"]
[LiveChessVersion "1.4.8"]

1. e4 {[%clk 1:30:54]} c5 {[%clk 1:30:02]} 2. Nf3 {[%clk 1:31:09]} d6
{[%clk 1:30:28]} 3. c4 {[%clk 1:31:19]} Nf6 {[%clk 1:28:39]} 4. Nc3
{[%clk 1:31:41]} g6 {[%clk 1:26:52]} 5. d4 {[%clk 1:32:05]} cxd4 {[%clk 1:27:18]}
6. Nxd4 {[%clk 1:32:30]} Bg7 {[%clk 1:27:43]} 7. Be2 {[%clk 1:32:54]} Nc6
{[%clk 1:27:57]} 8. Be3 {[%clk 1:33:16]} O-O {[%clk 1:25:58]} 9. Rc1
{[%clk 1:33:34]} Bd7 {[%clk 1:24:13]} 10. O-O {[%clk 1:33:53]} a6
{[%clk 1:23:58]} 11. f3 {[%clk 1:34:16]} Qa5 {[%clk 1:19:04]} 12. Qd2
{[%clk 1:33:34]} Nxd4 {[%clk 1:18:39]} 13. Bxd4 {[%clk 1:33:50]} Rfc8
{[%clk 1:17:28]} 14. Rfd1 {[%clk 1:33:52]} Be6 {[%clk 1:13:28]} 15. b3
{[%clk 1:33:33]} b5 {[%clk 1:12:35]} 16. Bxf6 {[%clk 1:21:30]} exf6
{[%clk 1:08:36]} 17. Nb1 {[%clk 1:12:32]} Qxd2 {[%clk 1:04:54]} 18. Nxd2
{[%clk 1:12:51]} f5 {[%clk 0:54:16]} 19. Rc2 {[%clk 0:48:09]} fxe4
{[%clk 0:45:58]} 20. fxe4 {[%clk 0:48:26]} f5 {[%clk 0:28:23]} 21. Nf3
{[%clk 0:43:32]} bxc4 {[%clk 0:22:46]} 22. bxc4 {[%clk 0:43:21]} fxe4
{[%clk 0:17:27]} 23. Ng5 {[%clk 0:43:43]} Bf5 {[%clk 0:17:38]} 24. g4
{[%clk 0:43:51]} h6 {[%clk 0:14:26]} 25. Nh3 {[%clk 0:43:33]} Bd7
{[%clk 0:14:31]} 26. Rxd6 {[%clk 0:43:48]} Ba4 {[%clk 0:14:46]} 27. Rc1
{[%clk 0:43:47]} Rc6 {[%clk 0:13:00]} 28. Rd7 {[%clk 0:35:12]} Re6
{[%clk 0:13:12]} 29. Rd2 {[%clk 0:35:12]} Kh7 {[%clk 0:13:03]} 30. Nf4
{[%clk 0:35:07]} Rb6 {[%clk 0:11:49]} 31. Bd1 {[%clk 0:24:27]} Bc6
{[%clk 0:11:26]} 32. Bb3 {[%clk 0:24:18]} Be5 {[%clk 0:09:34]} 33. Ne2
{[%clk 0:22:41]} Rf8 {[%clk 0:09:19]} 34. c5 {[%clk 0:21:49]} Rb4
{[%clk 0:08:19]} 35. Rc4 {[%clk 0:20:37]} Rxc4 {[%clk 0:07:30]} 36. Bxc4
{[%clk 0:21:05]} a5 {[%clk 0:07:59]} 37. Rd1 {[%clk 0:18:52]} a4 {[%clk 0:05:52]}
38. h3 {[%clk 0:19:02]} Rf3 {[%clk 0:06:01]} 39. Rb1 {[%clk 0:06:48]} e3
{[%clk 0:04:00]} 40. Rb6 {[%clk 0:33:22]} Be4 {[%clk 0:34:29]} 41. Rb4
{[%clk 0:32:40]} Rf2 {[%clk 0:30:51]} 42. Bg8+ {[%clk 0:26:38]} Kxg8
{[%clk 0:31:21]} 43. Rxe4 {[%clk 0:26:59]} Bh2+ {[%clk 0:31:48]} 44. Kh1
{[%clk 0:27:21]} Rxe2 {[%clk 0:32:14]} 45. Rxa4 {[%clk 0:27:03]} g5
{[%clk 0:28:25]} 46. Re4 {[%clk 0:23:09]} Bf4 {[%clk 0:28:43]} 47. Kg1
{[%clk 0:22:29]} Rxa2 {[%clk 0:28:41]} 48. Kf1 {[%clk 0:22:31]} Rc2
{[%clk 0:28:41]} 49. h4 {[%clk 0:21:38]} Rxc5 {[%clk 0:28:39]} 50. hxg5
{[%clk 0:21:40]} hxg5 {[%clk 0:28:59]} 51. Re6 {[%clk 0:21:36]} Re5
{[%clk 0:29:04]} 0-1

[Event "WCO 2016"]
[Site "?"]
[Date "2016.09.13"]
[Round "11"]
[Board "9"]
[WhiteID "11200243"]
[White "Ayyad Husain"]
[BlackID "11700394"]
[Black "Mohtaat Homayoun"]
[Result "1-0"]
[BlackElo "1655"]
[WhiteElo "2176"]
[LiveChessVersion "1.4.8"]

1. e4 {[%clk 1:30:47]} c5 {[%clk 1:30:54]} 2. Nf3 {[%clk 1:31:13]} d6
{[%clk 1:31:19]} 3. d4 {[%clk 1:31:39]} cxd4 {[%clk 1:30:06]} 4. Qxd4
{[%clk 1:32:05]} Nc6 {[%clk 1:29:38]} 5. Qe3 {[%clk 1:32:29]} Nf6
{[%clk 1:29:02]} 6. h3 {[%clk 1:31:58]} a6 {[%clk 1:29:25]} 7. Be2
{[%clk 1:32:23]} e6 {[%clk 1:28:44]} 8. O-O {[%clk 1:32:47]} Be7 {[%clk 1:29:07]}
9. Rd1 {[%clk 1:33:11]} Qc7 {[%clk 1:29:27]} 10. c4 {[%clk 1:32:25]} O-O
{[%clk 1:29:45]} 11. Nc3 {[%clk 1:32:51]} b6 {[%clk 1:29:49]} 12. Rb1
{[%clk 1:33:01]} Bb7 {[%clk 1:28:01]} 13. b3 {[%clk 1:29:42]} Rad8
{[%clk 1:27:34]} 14. Bb2 {[%clk 1:30:11]} Rfe8 {[%clk 1:26:56]} 15. Rbc1
{[%clk 1:30:40]} Nb8 {[%clk 1:23:49]} 16. Nd4 {[%clk 1:23:55]} Nbd7
{[%clk 1:23:33]} 17. f4 {[%clk 1:22:12]} Bf8 {[%clk 1:16:46]} 18. Kh1
{[%clk 1:13:49]} Qb8 {[%clk 1:15:33]} 19. Bf3 {[%clk 1:10:16]} e5
{[%clk 1:14:48]} 20. Nf5 {[%clk 1:06:29]} g6 {[%clk 1:14:29]} 21. fxe5
{[%clk 1:06:58]} dxe5 {[%clk 1:10:06]} 22. Qg5 {[%clk 0:48:01]} Re6
{[%clk 1:00:44]} 23. Nd5 {[%clk 0:31:54]} Rde8 {[%clk 0:50:21]} 24. Nh6+
{[%clk 0:26:54]} Kg7 {[%clk 0:45:50]} 25. Bg4 {[%clk 0:22:39]} Nxe4
{[%clk 0:43:53]} 26. Qe3 {[%clk 0:23:08]} Bxd5 {[%clk 0:29:46]} 27. cxd5
{[%clk 0:22:01]} Rd6 {[%clk 0:29:44]} 28. Nxf7 {[%clk 0:21:45]} Kxf7
{[%clk 0:29:53]} 29. Be6+ {[%clk 0:21:54]} Rexe6 {[%clk 0:18:12]} 30. dxe6+
{[%clk 0:21:58]} Kxe6 {[%clk 0:18:40]} 31. Qxe4 {[%clk 0:21:53]} Rxd1+
{[%clk 0:16:05]} 32. Rxd1 {[%clk 0:22:14]} Bd6 {[%clk 0:12:13]} 33. Qg4+
{[%clk 0:18:28]} Ke7 {[%clk 0:11:37]} 34. Bc1 {[%clk 0:18:54]} Qf8
{[%clk 0:10:36]} 35. Bg5+ {[%clk 0:19:22]} Ke8 {[%clk 0:11:02]} 36. Qe6+ 1-0

[Event "WCO 2016"]
[Site "?"]
[Date "2016.09.13"]
[Round "11"]
[Board "10"]
[WhiteID "11700599"]
[White "Farazi Khaiber"]
[BlackID "11200235"]
[Black "Ayyad Maher"]
[Result "0-1"]
[BlackElo "2076"]
[WhiteElo "2097"]
[LiveChessVersion "1.4.8"]

1. d4 {[%clk 1:30:54]} d5 {[%clk 1:30:56]} 2. Nf3 {[%clk 1:31:00]} Nf6
{[%clk 1:31:20]} 3. c4 {[%clk 1:31:20]} e6 {[%clk 1:31:46]} 4. Nc3
{[%clk 1:31:43]} c6 {[%clk 1:32:12]} 5. e3 {[%clk 1:31:40]} Nbd7 {[%clk 1:32:38]}
6. a3 {[%clk 1:30:58]} Bd6 {[%clk 1:33:00]} 7. Be2 {[%clk 1:30:41]} O-O
{[%clk 1:28:07]} 8. O-O {[%clk 1:25:52]} Qe7 {[%clk 1:28:31]} 9. Qc2
{[%clk 1:14:18]} dxc4 {[%clk 1:25:43]} 10. e4 {[%clk 1:09:55]} e5
{[%clk 1:22:38]} 11. Be3 {[%clk 1:03:15]} exd4 {[%clk 1:20:14]} 12. Nxd4
{[%clk 1:00:26]} Ne5 {[%clk 1:20:22]} 13. h3 {[%clk 0:54:59]} Nd3
{[%clk 1:14:32]} 14. Bxd3 {[%clk 0:54:05]} cxd3 {[%clk 1:14:59]} 15. Qxd3
{[%clk 0:54:10]} Rd8 {[%clk 1:13:37]} 16. Qc2 {[%clk 0:53:24]} Nh5
{[%clk 1:12:07]} 17. f4 {[%clk 0:48:50]} Nxf4 {[%clk 1:11:30]} 18. Bxf4
{[%clk 0:45:11]} Bxf4 {[%clk 1:09:51]} 19. Rxf4 {[%clk 0:45:07]} Rxd4
{[%clk 1:10:08]} 20. Qf2 {[%clk 0:42:54]} Rd3 {[%clk 1:09:17]} 21. Re1
{[%clk 0:42:26]} Be6 {[%clk 1:09:30]} 22. e5 {[%clk 0:41:52]} Rad8
{[%clk 1:09:05]} 23. Ne4 {[%clk 0:39:04]} R8d5 {[%clk 1:04:54]} 24. Qxa7
{[%clk 0:35:39]} h6 {[%clk 0:55:03]} 25. b4 {[%clk 0:31:03]} Rd1 {[%clk 0:45:06]}
26. Rxd1 {[%clk 0:27:15]} Rxd1+ {[%clk 0:45:17]} 27. Kh2 {[%clk 0:27:44]} Bd5
{[%clk 0:44:20]} 28. Qb8+ {[%clk 0:27:01]} Kh7 {[%clk 0:38:06]} 29. Nc3
{[%clk 0:15:31]} Rd2 {[%clk 0:36:04]} 30. Rg4 {[%clk 0:14:14]} h5
{[%clk 0:32:27]} 31. Rg3 {[%clk 0:12:52]} h4 {[%clk 0:28:11]} 32. Rg4
{[%clk 0:10:47]} Be6 {[%clk 0:26:59]} 33. Re4 {[%clk 0:05:34]} Qg5
{[%clk 0:26:57]} 34. Ne2 {[%clk 0:03:05]} Bf5 0-1

[Event "WCO 2016"]
[Site "?"]
[Date "2016.09.13"]
[Round "11"]
[Board "11"]
[WhiteID "11201258"]
[White "Darwish Hashim"]
[BlackID "11700785"]
[Black "Mirzaad Swahabuddin"]
[Result "1/2-1/2"]
[BlackElo "2069"]
[WhiteElo "1766"]
[LiveChessVersion "1.4.8"]

1. e4 {[%clk 1:30:39]} d5 {[%clk 1:30:56]} 2. exd5 {[%clk 1:30:59]} Qxd5
{[%clk 1:31:20]} 3. Nc3 {[%clk 1:25:04]} Qa5 {[%clk 1:31:44]} 4. d4
{[%clk 1:25:27]} c6 {[%clk 1:32:07]} 5. Nf3 {[%clk 1:25:52]} Bg4 {[%clk 1:32:24]}
6. h3 {[%clk 1:26:15]} Bh5 {[%clk 1:32:24]} 7. g4 {[%clk 1:26:39]} Bg6
{[%clk 1:32:48]} 8. Nh4 {[%clk 1:27:02]} e6 {[%clk 1:32:36]} 9. Nxg6
{[%clk 1:24:19]} hxg6 {[%clk 1:32:53]} 10. Qf3 {[%clk 1:21:37]} Nf6
{[%clk 1:32:26]} 11. Bc4 {[%clk 1:20:59]} Nbd7 {[%clk 1:32:08]} 12. Bb3
{[%clk 1:13:28]} Bb4 {[%clk 1:28:33]} 13. Bd2 {[%clk 1:13:13]} Qc7
{[%clk 1:26:43]} 14. O-O-O {[%clk 1:12:40]} Rf8 {[%clk 1:26:47]} 15. Kb1
{[%clk 1:08:07]} Bd6 {[%clk 1:25:14]} 16. Rhe1 {[%clk 1:06:58]} O-O-O
{[%clk 1:25:22]} 17. g5 {[%clk 1:00:33]} Nh5 {[%clk 1:24:01]} 18. Ne2
{[%clk 0:56:44]} Kb8 {[%clk 1:22:15]} 19. Be3 {[%clk 0:53:15]} e5
{[%clk 1:16:51]} 20. dxe5 {[%clk 0:51:36]} Nxe5 {[%clk 1:15:13]} 21. Qe4
{[%clk 0:51:47]} f5 {[%clk 1:12:49]} 22. Qa4 {[%clk 0:49:34]} b5 {[%clk 1:12:15]}
23. Qa6 {[%clk 0:45:55]} Nf3 {[%clk 1:09:18]} 24. Nd4 {[%clk 0:40:47]} Nxd4
{[%clk 1:07:36]} 25. Bxd4 {[%clk 0:39:51]} Nf4 {[%clk 1:05:27]} 26. a4
{[%clk 0:32:53]} b4 {[%clk 1:03:42]} 27. f3 {[%clk 0:23:44]} Nxh3
{[%clk 1:00:22]} 28. Re6 {[%clk 0:23:14]} Nf4 {[%clk 0:55:31]} 29. Ree1
{[%clk 0:23:32]} Rfe8 {[%clk 0:42:55]} 30. Rxe8 {[%clk 0:20:10]} Rxe8
{[%clk 0:43:18]} 31. Bxa7+ {[%clk 0:18:48]} Qxa7 {[%clk 0:43:45]} 32. Qxc6
{[%clk 0:19:10]} Rd8 {[%clk 0:35:35]} 33. Rxd6 {[%clk 0:19:02]} Rxd6
{[%clk 0:35:55]} 34. Qxd6+ {[%clk 0:19:27]} Qc7 {[%clk 0:36:17]} 35. Qxb4+
{[%clk 0:19:34]} Ka7 {[%clk 0:36:33]} 36. Qd4+ {[%clk 0:18:56]} Kb8
{[%clk 0:36:07]} 37. a5 {[%clk 0:16:07]} Ne2 {[%clk 0:35:06]} 38. Qb4+
{[%clk 0:14:20]} Ka7 {[%clk 0:34:49]} 39. Qc4 {[%clk 0:14:42]} Qxc4
{[%clk 0:32:38]} 40. Bxc4 {[%clk 0:45:07]} Nd4 {[%clk 1:02:58]} 41. f4
{[%clk 0:43:39]} Nc6 {[%clk 1:00:15]} 42. Bf7 {[%clk 0:42:30]} Ka6
{[%clk 0:59:40]} 43. Bxg6 {[%clk 0:42:54]} Ne7 {[%clk 0:59:22]} 44. Bf7
{[%clk 0:42:40]} Kxa5 {[%clk 0:59:41]} 45. Be6 {[%clk 0:42:29]} Kb5
{[%clk 0:59:14]} 46. Ka2 {[%clk 0:42:38]} Kc5 {[%clk 0:59:27]} 47. Ka3
{[%clk 0:42:53]} Kd4 {[%clk 0:58:59]} 48. b4 Ke4 {[%clk 0:58:10]} 49. c4
{[%clk 0:41:38]} Kxf4 {[%clk 0:58:28]} 50. b5 {[%clk 0:41:56]} Ke5
{[%clk 0:57:50]} 51. Bd7 {[%clk 0:42:07]} Kd6 {[%clk 0:57:55]} 52. Be8
{[%clk 0:39:17]} Kc5 {[%clk 0:57:55]} 53. Kb3 {[%clk 0:39:32]} Nc8
{[%clk 0:57:52]} 54. Bd7 {[%clk 0:39:36]} Nd6 {[%clk 0:57:51]} 55. Be6
{[%clk 0:32:12]} f4 {[%clk 0:57:57]} 56. Kc2 {[%clk 0:30:28]} Ne4
{[%clk 0:57:29]} 57. Kd3 {[%clk 0:29:16]} Nxg5 {[%clk 0:56:08]} 58. Bd5
{[%clk 0:29:40]} Nh3 {[%clk 0:52:01]} 59. Ke2 {[%clk 0:28:33]} Ng5
{[%clk 0:46:47]} 60. Kf2 {[%clk 0:28:34]} Nh7 {[%clk 0:46:10]} 61. Kf3
{[%clk 0:26:36]} g5 {[%clk 0:46:25]} 62. Kg4 {[%clk 0:24:58]} Nf6+
{[%clk 0:44:39]} 63. Kxg5 {[%clk 0:25:22]} Nxd5 {[%clk 0:44:44]} 64. Kg4
{[%clk 0:25:46]} Kxc4 {[%clk 0:42:11]} 1/2-1/2

[Event "WCO 2016"]
[Site "?"]
[Date "2016.09.13"]
[Round "11"]
[Board "12"]
[WhiteID "11701200"]
[White "Moinzai Khushal"]
[BlackID "11201789"]
[Black "Shaker Musab"]
[Result "1-0"]
[BlackElo "1726"]
[WhiteElo "1624"]
[LiveChessVersion "1.4.8"]

1. c4 {[%clk 1:29:49]} e6 {[%clk 1:30:49]} 2. d4 {[%clk 1:28:50]} d5
{[%clk 1:31:09]} 3. Nc3 {[%clk 1:27:34]} Nf6 {[%clk 1:31:32]} 4. Bg5
{[%clk 1:27:14]} Nbd7 {[%clk 1:31:36]} 5. a3 {[%clk 1:24:33]} c6 {[%clk 1:31:11]}
6. e3 {[%clk 1:23:06]} Bd6 {[%clk 1:26:18]} 7. c5 {[%clk 1:18:42]} Bc7
{[%clk 1:17:31]} 8. f4 {[%clk 1:18:22]} h6 {[%clk 1:14:14]} 9. Bxf6
{[%clk 1:16:13]} gxf6 {[%clk 1:10:31]} 10. Bd3 {[%clk 1:09:07]} e5
{[%clk 1:07:17]} 11. Nge2 {[%clk 1:04:21]} Rg8 {[%clk 1:02:06]} 12. Rg1
{[%clk 0:59:02]} Nf8 {[%clk 0:53:28]} 13. Qa4 {[%clk 0:53:46]} Ne6
{[%clk 0:40:14]} 14. g3 {[%clk 0:43:26]} Bd7 {[%clk 0:26:33]} 15. b4
{[%clk 0:36:25]} a6 {[%clk 0:25:01]} 16. Qd1 {[%clk 0:27:50]} Qe7
{[%clk 0:24:30]} 17. Kd2 {[%clk 0:24:09]} Ng7 {[%clk 0:19:11]} 18. Qf1
{[%clk 0:21:39]} e4 {[%clk 0:09:21]} 19. Bc2 {[%clk 0:20:23]} h5 {[%clk 0:07:33]}
20. Bb3 {[%clk 0:19:11]} Be6 {[%clk 0:07:26]} 21. Qb1 {[%clk 0:17:06]} Nf5
{[%clk 0:05:09]} 22. Qe1 {[%clk 0:16:57]} Rg6 {[%clk 0:04:45]} 23. Qf2
{[%clk 0:16:28]} Kf8 {[%clk 0:03:59]} 24. Bd1 {[%clk 0:15:59]} Ng7 25. Nc1
{[%clk 0:16:01]} Bg4 {[%clk 0:01:37]} 26. Bb3 {[%clk 0:15:00]} Qd7
{[%clk 0:01:38]} 27. Bd1 {[%clk 0:14:51]} Nf5 {[%clk 0:00:37]} 28. Bxg4
{[%clk 0:14:33]} Rxg4 {[%clk 0:00:34]} 29. N1e2 {[%clk 0:14:02]} Ke7
{[%clk 0:00:39]} 30. h3 {[%clk 0:12:42]} Rg7 {[%clk 0:00:55]} 31. Rg2
{[%clk 0:11:26]} Rag8 {[%clk 0:01:16]} 32. Rag1 {[%clk 0:11:32]} Nh6
{[%clk 0:01:21]} 33. Rh2 {[%clk 0:10:51]} Nf5 {[%clk 0:01:32]} 34. Rhg2
{[%clk 0:10:58]} Nh6 {[%clk 0:01:35]} 35. Rh2 {[%clk 0:11:09]} Rg6
{[%clk 0:01:31]} 36. Nd1 {[%clk 0:10:16]} Qc8 {[%clk 0:01:45]} 37. Qf1
{[%clk 0:10:15]} Nf5 {[%clk 0:01:26]} 38. Rhg2 {[%clk 0:10:17]} Nh6
{[%clk 0:00:38]} 39. Nf2 {[%clk 0:10:13]} R8g7 {[%clk 0:00:44]} 40. h4
{[%clk 0:39:35]} Ng4 {[%clk 0:30:33]} 41. Nd1 {[%clk 0:34:10]} Nh2
{[%clk 0:28:11]} 42. Rxh2 {[%clk 0:33:27]} a5 {[%clk 0:28:19]} 43. b5
{[%clk 0:31:00]} cxb5 {[%clk 0:28:25]} 44. Ndc3 {[%clk 0:30:55]} Qd7
{[%clk 0:28:13]} 45. Qb1 {[%clk 0:30:24]} b4 {[%clk 0:22:22]} 46. axb4
{[%clk 0:29:40]} axb4 {[%clk 0:22:31]} 47. Qxb4 {[%clk 0:29:15]} Qc6
{[%clk 0:19:58]} 48. Qb5 {[%clk 0:27:00]} Rg8 {[%clk 0:20:14]} 49. Rb1
{[%clk 0:26:16]} 1-0

[Event "WCO 2016"]
[Site "?"]
[Date "2016.09.13"]
[Round "11"]
[Board "13"]
[WhiteID "15600017"]
[White "Wojciechowski Paul"]
[BlackID "32500084"]
[Black "Rehan Deng Cypriano"]
[Result "0-1"]
[BlackElo "1899"]
[WhiteElo "1992"]
[LiveChessVersion "1.4.8"]

1. e4 {[%clk 1:30:56]} d6 {[%clk 1:30:33]} 2. d4 {[%clk 1:31:08]} g6
{[%clk 1:30:56]} 3. Nc3 {[%clk 1:31:27]} Bg7 {[%clk 1:31:15]} 4. f4
{[%clk 1:31:03]} c5 {[%clk 1:31:13]} 5. dxc5 {[%clk 1:28:46]} Qa5
{[%clk 1:31:21]} 6. Qd3 {[%clk 1:26:40]} Qxc5 {[%clk 1:30:57]} 7. Be3
{[%clk 1:24:56]} Qb4 {[%clk 1:28:36]} 8. Qb5+ {[%clk 1:14:50]} Nc6
{[%clk 1:28:50]} 9. Qxb4 {[%clk 1:15:13]} Nxb4 {[%clk 1:28:54]} 10. Bd3
{[%clk 1:13:59]} Bd7 {[%clk 1:28:36]} 11. Nge2 {[%clk 1:13:48]} Nf6
{[%clk 1:28:27]} 12. O-O-O {[%clk 1:06:54]} a6 {[%clk 1:27:51]} 13. h3
{[%clk 1:03:59]} h5 {[%clk 1:26:23]} 14. Rhe1 {[%clk 0:50:30]} Rc8
{[%clk 1:24:36]} 15. Kb1 {[%clk 0:48:43]} Be6 {[%clk 1:23:31]} 16. Bd4
{[%clk 0:44:16]} O-O {[%clk 1:22:33]} 17. a3 {[%clk 0:33:40]} Nc6
{[%clk 1:12:45]} 18. Be3 {[%clk 0:29:04]} Bh6 {[%clk 1:04:12]} 19. Bf2
{[%clk 0:21:17]} b5 {[%clk 1:03:23]} 20. f5 {[%clk 0:18:07]} Bd7 {[%clk 1:00:29]}
21. Nd4 {[%clk 0:13:51]} Ne5 {[%clk 0:59:49]} 22. Bg3 {[%clk 0:11:33]} Rc5
{[%clk 0:51:50]} 23. Nb3 {[%clk 0:09:04]} Rc7 {[%clk 0:51:09]} 24. Bxe5
{[%clk 0:06:29]} dxe5 {[%clk 0:48:27]} 25. fxg6 {[%clk 0:06:54]} fxg6
{[%clk 0:46:45]} 26. Nd5 {[%clk 0:06:53]} Nxd5 {[%clk 0:46:33]} 27. exd5
{[%clk 0:07:18]} Bf5 {[%clk 0:46:42]} 28. Rxe5 {[%clk 0:03:31]} Bxd3
{[%clk 0:45:42]} 29. Rxd3 {[%clk 0:03:52]} Rf1+ {[%clk 0:44:33]} 30. Ka2
{[%clk 0:03:24]} Rxc2 {[%clk 0:44:03]} 31. Nd4 {[%clk 0:03:07]} Rxg2
{[%clk 0:43:15]} 32. Re2 {[%clk 0:01:36]} Rxe2 {[%clk 0:41:25]} 33. Nxe2
{[%clk 0:02:04]} Rf2 {[%clk 0:41:30]} 34. Nc3 {[%clk 0:02:16]} Bc1
{[%clk 0:40:26]} 35. Nd1 {[%clk 0:02:37]} Rd2 {[%clk 0:40:39]} 36. Rxd2
{[%clk 0:02:52]} Bxd2 {[%clk 0:40:58]} 37. Kb3 {[%clk 0:02:51]} Kf7
{[%clk 0:40:44]} 38. Nf2 {[%clk 0:02:47]} Be3 {[%clk 0:40:21]} 39. Nd3
{[%clk 0:02:55]} g5 {[%clk 0:38:01]} 40. a4 {[%clk 0:33:18]} bxa4+
{[%clk 1:06:30]} 41. Kxa4 {[%clk 0:33:42]} Bd2 {[%clk 1:01:50]} 42. b4
{[%clk 0:31:57]} Kf6 {[%clk 1:01:30]} 43. b5 {[%clk 0:22:37]} axb5+
{[%clk 1:01:18]} 44. Kxb5 {[%clk 0:23:03]} Kf5 {[%clk 1:01:17]} 45. Kc4
{[%clk 0:16:54]} g4 {[%clk 0:59:47]} 46. hxg4+ {[%clk 0:14:22]} hxg4
{[%clk 0:55:16]} 47. Kd4 {[%clk 0:12:24]} g3 {[%clk 0:55:17]} 48. Ne5
{[%clk 0:11:37]} Bc3+ {[%clk 0:55:25]} 0-1